Effectif de Gentle Mates - Statistiques

Statistiques générales
  • Ce quiz a été pris 174 fois
    80 depuis la dernière actualisation
  • Le résultat moyen est 24 sur 44
Statistiques - réponses
Réponse % Correct
VALORANT (GC)
92%
VALORANT (VCT)
92%
Call of Duty
90%
Rocket League
87%
Fortnite
81%
Counter-Strike 2
75%
marteen
73%
Minny
69%
Teamfight Tactics
69%
Archie
67%
Neptune
67%
Age of Empire IV
65%
nass
65%
Sib
65%
Oski
63%
Ghosty
62%
Envoy
60%
starxo
60%
Warzone
60%
bipo
58%
Merstach
58%
Vanyak3kk
58%
GLYPH
56%
Akiira
54%
Wawa
54%
MarineLorD
52%
Nami
50%
2XKO
48%
Marti
46%
L3SCoco
44%
Enkeo
42%
Jedusor
40%
MariusCOW
40%
Gromalok
38%
berryx
35%
HalloW
31%
mopoz
29%
alex
27%
tokameite
27%
dav1g
25%
sausol
25%
wens
25%
Enzosx
21%
MartinezSa
21%
Aucun quiz correspondant
Distribution des résultats
% des personnes avec chaque résultat
Percentile par nombre de réponses
Votre historique - résultats
Vous n’avez pas pris ce quiz depuis la dernière actualisation